000 00978nam a2200217 u 4500
003 AM-YeHGA
005 20250618072347.0
008 041215s1939 ||| r 000 0 arm d
040 _aAM-YeHGA
041 0 _aarm
100 1 _aՅովհաննէսեան, Յովնան
245 1 0 _aԿրօնք :
_bԳիրք /
_cՅովնան Յովհաննէսեան.
260 _aԳահիրէ :
_bտպ. Սահակ-Մեսրոպ,
_c1939.
300 _aԳիրք.
505 1 0 _gԳիրք Դ. (1939, 132 էջ, նկ.) :
_tՀայ եկեղեցին
_gԳիրք Ե. (1939; 172 էջ, դիմանկ., նկ., քարտ.) :
_tՊատմութիւն հայ եկեղեցւոյ
650 1 4 _aՀայոց եկեղեցի
_xՊատմություն
_95146
856 4 _uhttps://arar.sci.am/dlibra/publication/317995/edition/292187/content
_yԿարդալ առցանց, Գիրգ Դ.
856 4 _uhttps://arar.sci.am/dlibra/publication/294810/edition/270575/content
_yԳիրգ Ե.
_z
942 _2udc
_cBK
090 _c151709
999 _c150319
_d150319